000
00292nam a2200121Ia 4500
008
190902s9999||||xx |||||||||||||| ||und||
020
_a
0-7607-1153-4
100
_a
Shaukat Ali Jawaid
245
0
_a
Why Create Ripples?
260
_a
India
_b
The McGraw-Hill
_c
2007
300
_a
334
942
_c
BK
999
_c
2743
_d
2743